Elements Starting with S - Statistics

General Stats
  • This quiz has been taken 1,343 times
    1,337 since last reset
  • The average score is 7 of 9
Answer Stats
Sym Element % Correct
Na Sodium
99%
Si Silicon
97%
Ag Silver
97%
S Sulfur
95%
Se Selenium
87%
Sc Scandium
84%
Sr Strontium
78%
Sg Seaborgium
56%
Sm Samarium
54%
No matching quizzes found
Score Distribution
Percent of People with Each Score
Percentile by Number Answered
Your Score History
You have not taken this quiz since the last reset